Local Government Act 1972 general disposal consent (England) 2003 disposal of land for less than the best consideration that can reasonably be obtained (Record no. 106540)
[ view plain ]
| 000 -LEADER | |
|---|---|
| fixed length control field | 01140cam a2200241 4500 |
| 001 - CONTROL NUMBER | |
| control field | L136907 |
| 008 - FIXED-LENGTH DATA ELEMENTS--GENERAL INFORMATION | |
| fixed length control field | 070301n2003 000 0 eng u |
| 020 ## - INTERNATIONAL STANDARD BOOK NUMBER | |
| International Standard Book Number | 0117538965 |
| 035 ## - SYSTEM CONTROL NUMBER | |
| System control number | (Sirsi) u136907 |
| 041 0# - LANGUAGE CODE | |
| Language code of text/sound track or separate title | eng |
| 050 ## - LIBRARY OF CONGRESS CALL NUMBER | |
| Classification number | 333.16 $2 18 |
| 110 2# - MAIN ENTRY--CORPORATE NAME | |
| Corporate name or jurisdiction name as entry element | United Kingdom |
| Subordinate unit | Office of the Deputy Prime Minister |
| 245 ## - TITLE STATEMENT | |
| Title | Local Government Act 1972 general disposal consent (England) 2003 disposal of land for less than the best consideration that can reasonably be obtained |
| Medium | [electronic resource] |
| 260 ## - PUBLICATION, DISTRIBUTION, ETC. | |
| Place of publication, distribution, etc. | London |
| Name of publisher, distributor, etc. | ODPM |
| Date of publication, distribution, etc. | 2003 |
| 490 #0 - SERIES STATEMENT | |
| Series statement | ODPM Circular |
| Volume/sequential designation | 06 $2 003 |
| 520 ## - SUMMARY, ETC. | |
| Summary, etc. | Conveys the Local Government Act 1972: General Disposal Consent 2003, which is attached as an Annex, and provides guidance to local authorities in England which have land disposal powers under ss 123 and 127 of the 1972 Act. |
| 650 24 - SUBJECT ADDED ENTRY--TOPICAL TERM | |
| Topical term or geographic name entry element | ODPM CIRCULAR 06/2003 |
| 650 24 - SUBJECT ADDED ENTRY--TOPICAL TERM | |
| Topical term or geographic name entry element | LOCAL GOVERNMENT ACT 1972 |
| 651 #4 - SUBJECT ADDED ENTRY--GEOGRAPHIC NAME | |
| Geographic name | England |
| Chronological subdivision | 886- |
| 690 ## - LOCAL SUBJECT ADDED ENTRY--TOPICAL TERM (OCLC, RLIN) | |
| Topical term or geographic name as entry element | PROPERTY-PROPERTY ACQUISITION AND DISPOSAL |
| 856 40 - ELECTRONIC LOCATION AND ACCESS | |
| Uniform Resource Identifier | <a href="https://www.communities.gov.uk/index.asp?id=1144327">https://www.communities.gov.uk/index.asp?id=1144327</a> |
| Public note | View the circular free of charge online at www.communities.gov.uk... |
| 942 ## - ADDED ENTRY ELEMENTS (KOHA) | |
| Suppress in OPAC | 0 |
| Withdrawn status | Lost status | Source of classification or shelving scheme | Damaged status | Not for loan | Home library | Current library | Shelving location | Date acquired | Total Checkouts | Full call number | Barcode | Date last seen | Copy number | Price effective from | Koha item type |
|---|---|---|---|---|---|---|---|---|---|---|---|---|---|---|---|
| Dewey Decimal Classification | Virtual | Virtual | Online | 01/03/2007 | ONLINE PUBLICATION | 136907-1001 | 06/08/2019 | 1 | 06/08/2019 | Book |